Science Quiz

Random Science or Animal Quiz

25 Mammals of Australia Quiz Stats

 Plays Quiz Updated Feb 27, 2020

Support Sporcle.
Go Orange.
Score 0/25 Timer 05:00
5 Plays Today
Hint Answer % Correct
Koala
98.6%
Yellow-bellied sheath-tailed bat
95.5%
Red kangaroo
94%
Dromedary
92.1%
Platypus
90.8%
Human
88.9%
Southern elephant seal
88%
Dingo
84%
Sei whale
83.6%
New Holland mouse
78.6%
Tasmanian devil
76.1%
Common wombat
73.1%
Indian palm squirrel
71.6%
Hint Answer % Correct
Long-haired rat
70.7%
Swamp wallaby
68.4%
Snubfin dolphin
63.5%
Australian sea lion
60.4%
Short-beaked echidna
57.4%
Common brushtail possum
35.4%
Sugar glider
30.7%
Quokka
29.2%
Bilby
27.4%
Southern marsupial mole
25.2%
Numbat
15.2%
Western quoll
11.2%

From the Vault

Famous 'Ch' People

by SporcleEXP

Ch-ching! These celebrities are pure gold.
Remove Ads.
Support Sporcle.
Get the best of Sporcle when you Go Orange. This ad-free experience offers more features, more stats, and more fun while also helping to support Sporcle. Thank you for becoming a member.

Show Comments

Extras

Top Quizzes Today


Score Distribution

Your Account Isn't Verified!

In order to create a playlist on Sporcle, you need to verify the email address you used during registration. Go to your Sporcle Settings to finish the process.

Report this User

Report this user for behavior that violates our Community Guidelines.

Details: